| 000 | 02465cam a22002414a 4500 | ||
|---|---|---|---|
| 005 | 20250605164059.0 | ||
| 008 | 250528s ||||||||||||||||||||||||d | ||
| 035 | _a17558 | ||
| 020 | _a9789602185490 | ||
| 040 |
_aGR-AtMCL _bgre _dGR-AtMCL _eAACR2 |
||
| 245 | 1 | _aΠόλη και Πολεοδομικές Πρακτικές / Για τη Βιωσιμή Αστική Ανάπτυξη | |
| 250 | _a1η | ||
| 260 |
_bΚριτική, _c2007 |
||
| 300 | _a392 | ||
| 520 | _aΤο παρόν βιβλίο είναι αποτέλεσμα της κοινής προσπάθειας των συγγραφέων να παρουσιάσουν σ'ένα ενιαίο πλαίσιο τις βασικές συνιστώσες των αντιλήψεων και πρακτικών που αναφέρονται στον χωρικό σχεδιασμό των πόλεων. Πρόλογος και Ευχαριστίες, Πόλη και Σχεδιασμός: Οι Βασικές Συνιστώσες, Χωρικός Σχεδιασμός και Αστική Ανάπτυξη: Συνοπτική Ιστορική Αναδρομή, Αστικά Προβλήματα και Αστική Διακυβέρνηση: Οι Βασικές Συνιστώσες, Πολεοδομικός Σχεδιασμός και Χρήσεις Γης, Χρήσεις Γης και Σύστημα Μεταφορών, Πολιτικές Αστικών Μεταφορών, Αστική Κινητικότητα, Βιώσιμη Αστική Ανάπτυξη στην Ευρωπαϊκή Ένωση, Στρατηγικός Χωρικός Σχεδιασμός: Τα Παραδείγματα της Πράγας και της Βαρκελώνης,Τα Σχέδια ως Εργαλεία Πολεοδομικού Σχεδιασμού και Ρύθμισης των Χρήσεων Γης, Δίκτυα Κυκλοφορίας, Κυκλοφοριακές Μελέτες σε Αστικές Περιοχές, Αστικές Παρεμβάσεις στην Ελλάδα, Το Παρόν και το Μέλλον του Χωρικού Σχεδιασμού για μια Βιώσιμη Αστική Ανάπτυξη. | ||
| 700 | 1 |
_aΑνδρικοπούλου Ελένη _93708 |
|
| 700 | 1 |
_aΓιαννάκου Αθήνα _93709 |
|
| 700 | 1 |
_aΚαυκαλάς Γρήγορης _93710 |
|
| 700 | 1 |
_aΠιτσιαβα-Λατινοπούλου Μάγδα _93711 |
|
| 942 | _cBK | ||
| 999 |
_c2962 _d2962 |
||